000 00357nam a22001337a 4500
999 _c13645
_d13645
020 _a969-8020-03-9
082 _a327.54
_bAKH
100 _aShaheen Akhtar
245 _aUprising in Indian-held Jammu & Kashmir
260 _aIslamabad
_bInstitute of Regional Studies
_c1991
300 _a120 Pages
650 _aJammu & Kashmir, India, Pakistan
942 _cBK